| 000 | 00608nam a2200157Ia 4500 | ||
|---|---|---|---|
| 008 | 210716s1990 xx 000 0 und d | ||
| 020 | _a876926618 | ||
| 041 | _aeng | ||
| 082 | _a005.3631 JOUR | ||
| 100 | _aJourdain, Robert. | ||
| 245 |
_aTurbo pascal express revised: 250 ready to run assembly language routines that make turo pascal faster more powerful and easier to use. _b250 ready to run assembly language routines that make turo pascal faster more powerful and easier to use. |
||
| 250 | _a1 | ||
| 260 |
_aNew Delhi _bPrentice Hall of India PVt Ltd _c1990 |
||
| 300 | _axix,394 | ||
| 650 | _aNone | ||
| 999 |
_c182053 _d182053 |
||